<?xml version="1.0" encoding="UTF-8"?>
<record
    xmlns:xsi="http://www.w3.org/2001/XMLSchema-instance"
    xsi:schemaLocation="http://www.loc.gov/MARC21/slim http://www.loc.gov/standards/marcxml/schema/MARC21slim.xsd"
    xmlns="http://www.loc.gov/MARC21/slim">

  <leader>03236nam a22002777a 4500</leader>
  <controlfield tag="005">20240305165637.0</controlfield>
  <controlfield tag="007">cr||||   |||| </controlfield>
  <controlfield tag="008">220728s2021    es |||||s|||| 00||0 spa d</controlfield>
  <datafield tag="020" ind1=" " ind2=" ">
    <subfield code="a">978-84-1122-168-9</subfield>
  </datafield>
  <datafield tag="035" ind1=" " ind2=" ">
    <subfield code="a">36481</subfield>
  </datafield>
  <datafield tag="040" ind1=" " ind2=" ">
    <subfield code="a">vLex</subfield>
  </datafield>
  <datafield tag="090" ind1=" " ind2=" ">
    <subfield code="c">13649</subfield>
    <subfield code="d">13649</subfield>
  </datafield>
  <datafield tag="100" ind1="1" ind2=" ">
    <subfield code="a">S&#xE1;nchez Rubio, David</subfield>
  </datafield>
  <datafield tag="245" ind1="1" ind2="0">
    <subfield code="a">Derechos humanos y transformaci&#xF3;n social</subfield>
    <subfield code="h">[Recurso electr&#xF3;nico] /</subfield>
    <subfield code="c">David S&#xE1;nchez Rubio, &#xC1;lvaro S&#xE1;nchez Bravo</subfield>
  </datafield>
  <datafield tag="256" ind1=" " ind2=" ">
    <subfield code="a">Servicio en l&#xED;nea</subfield>
  </datafield>
  <datafield tag="260" ind1=" " ind2=" ">
    <subfield code="a">Madrid:</subfield>
    <subfield code="b">Dykinson,</subfield>
    <subfield code="c">2021</subfield>
  </datafield>
  <datafield tag="300" ind1=" " ind2=" ">
    <subfield code="a">1 recurso electr&#xF3;nico</subfield>
  </datafield>
  <datafield tag="500" ind1=" " ind2=" ">
    <subfield code="a">La COVID-19 sigue presente en nuestras vidas y parece que el virus vino para quedarse, pero pese a las tragedias y dramas que ha producido y sigue produciendo, la esperanza de quienes lo enfrentamos no cesa. En este marco, el Departamento de Filosof&#xED;a del Derecho de la Facultad de Derecho de la Universidad de Sevilla publica un segundo libro colectivo, pero ahora enfocado en el tema de los derechos humanos. El primer libro que se edit&#xF3; en esta misma editorial en el a&#xF1;o 2020, se dedic&#xF3; a temas relacionados con la teor&#xED;a y la filosof&#xED;a del derecho en contextos de pandemia. Ahora, en este libro se ha ampliado la colaboraci&#xF3;n internacional incorporando a pensadores de Am&#xE9;rica Latina. Aunque las miradas de los autores se mueven tambi&#xE9;n en el &#xE1;mbito de la filosof&#xED;a del derecho y la filosof&#xED;a pol&#xED;tica, los enfoques tienen como norte los retos que el presente de los derechos humanos plantea de cara a las posibles transformaciones sociales que la nueva realidad, no solo los condicionan, sino tambi&#xE9;n los producen y los reclaman. La obra presenta dos bloques a destacar. Uno m&#xE1;s general y acorde con el t&#xED;tulo, con el que los art&#xED;culos de Antonio Enrique P&#xE9;rez Lu&#xF1;o, Helio Gallardo, Alejandro Rosillo y Alfonso de Julios-Campuzano abordan el papel de los derechos humanos como instrumentos de cambio social en el marco del mundo global y convulso. El otro bloque se centra en temas m&#xE1;s concretos sobre elementos o materias relacionadas con la realidad de los derechos humanos, como pueden ser la asesor&#xED;a y pedagog&#xED;a jur&#xED;dico-popular y la concientizaci&#xF3;n jur&#xED;dica de la justicia entre los grupos y comunidades populares, en el caso de Jes&#xFA;s Antonio de la Torre Rangel; el derecho a la salud y las dificultades del acceso a la comunicaci&#xF3;n e informaci&#xF3;n sobre la salud en el contexto de la pandemia en el art&#xED;culo desarrollado por Liton Pilau; el derecho al trabajo y sus desigualdades y asimetr&#xED;as estructurales en las reflexiones planteadas por David S&#xE1;nchez Rubio; y los l&#xED;mites y las posibilidades de la democracia en sus versiones liberales y populares participativas con Vicente Barrag&#xE1;n.</subfield>
  </datafield>
  <datafield tag="506" ind1="1" ind2=" ">
    <subfield code="a">Disponible solo en los productos indicados</subfield>
    <subfield code="d">vLex Global</subfield>
    <subfield code="d">vLex Global (Academic Edition, excluding Law Schools)</subfield>
    <subfield code="d">vLex Global (U.S. Academic Edition, Law Schools)</subfield>
    <subfield code="d">vLex Global (U.S. Academic Edition, excluding Law Schools)</subfield>
    <subfield code="d">vLex Global (Academic Edition, Law Schools)</subfield>
  </datafield>
  <datafield tag="650" ind1="0" ind2="4">
    <subfield code="a">Derecho Militar</subfield>
    <subfield code="z">Espa&#xF1;a</subfield>
  </datafield>
  <datafield tag="650" ind1="0" ind2="4">
    <subfield code="a">Filosof&#xED;a y religi&#xF3;n</subfield>
    <subfield code="z">Espa&#xF1;a</subfield>
  </datafield>
  <datafield tag="700" ind1="1" ind2=" ">
    <subfield code="a">S&#xE1;nchez Bravo, &#xC1;lvaro</subfield>
  </datafield>
  <datafield tag="740" ind1="0" ind2=" ">
    <subfield code="a">vLex Libros (Servicio en l&#xED;nea)</subfield>
  </datafield>
  <datafield tag="856" ind1="4" ind2="0">
    <subfield code="u">https://app.vlex.com/#/sources/36481</subfield>
  </datafield>
  <datafield tag="942" ind1=" " ind2=" ">
    <subfield code="c">RAA</subfield>
  </datafield>
  <datafield tag="952" ind1=" " ind2=" ">
    <subfield code="0">0</subfield>
    <subfield code="1">0</subfield>
    <subfield code="4">0</subfield>
    <subfield code="7">0</subfield>
    <subfield code="8">VLEX</subfield>
    <subfield code="9">329805</subfield>
    <subfield code="a">BD-UIN</subfield>
    <subfield code="b">BD-UIN</subfield>
    <subfield code="d">2024-03-05</subfield>
    <subfield code="l">0</subfield>
    <subfield code="p">36481</subfield>
    <subfield code="r">2024-03-05</subfield>
    <subfield code="w">2024-03-05</subfield>
    <subfield code="y">RAA</subfield>
  </datafield>
  <datafield tag="999" ind1=" " ind2=" ">
    <subfield code="c">171885</subfield>
    <subfield code="d">171885</subfield>
  </datafield>
</record>
